Parallel processing and data management /

Enregistré dans:
Détails bibliographiques
Autres auteurs: Valduriez, Patrick (Compilateur)
Format: Livre
Langue:anglais
Publié: London : Chapman and Hall, 1992
Édition:1.ed.
Sujets:
Tags: Ajouter un tag
Pas de tags, Soyez le premier à ajouter un tag!

MARC

LEADER 00000nam a22000003a 4500
001 stu5243
005 20150617225703.8
008 940308s1992----uk------------------eng-d
020 |a 0-412-42800-8 
040 |a STU  |b slo 
041 0 |a eng 
044 |a uk 
080 |a 681.32.013 
080 |a 519.687 
080 |a 681.32.016 
080 |a 519.683.5 
100 1 |a Valduriez, Patrick  |4 com 
245 1 |a Parallel processing and data management /  |c Edit.: Valduriez,P 
250 |a 1.ed. 
260 |a London :  |b Chapman and Hall,  |c 1992 
300 |a 350 s 
650 7 |a paralelné spracovanie  |2 stusub 
650 7 |a dátabázové riadiace systémy  |2 stusub 
650 7 |a súbežné spracovanie  |2 stusub 
996 |c I*10DS4840  |l II680  |s A  |a 24  |w stu5243_0001